La razón en la sombra (Record no. 10623)

MARC details
000 -LEADER
campo de control de longitud fija 00786nam a22002415i 4500
001 - NÚMERO DE CONTROL
campo de control 10623
003 - IDENTIFICADOR DE NÚMERO DE CONTROL
campo de control ES-MaACL
005 - FECHA Y HORA DE LA ÚLTIMA TRANSACCIÓN
campo de control 20251205135907.0
007 - CAMPO FIJO DE DESCRIPCIÓN FÍSICA--INFORMACIÓN GENERAL
campo de control de longitud fija t|
008 - DATOS DE LONGITUD FIJA--INFORMACIÓN GENERAL
campo de control de longitud fija 940510s1993 sp |||| | spa j
020 ## - NÚMERO INTERNACIONAL ESTÁNDAR DEL LIBRO
Número Internacional Estándar del Libro 84-7844-177-8
080 ## - NÚMERO DE LA CLASIFICACIÓN DECIMAL UNIVERSAL
Número de la Clasificación Decimal Universal 1(081) Zambrano, María
100 1# - ENTRADA PRINCIPAL--NOMBRE DE PERSONA
Nombre de persona Zambrano, María,
Fechas asociadas al nombre 1904-1991
9 (RLIN) 117914
245 13 - MENCIÓN DEL TÍTULO
Título La razón en la sombra
Resto del título : antología /
Mención de responsabilidad, etc. María Zambrano ; edición a cargo de Jesús Moreno Sanz.
260 ## - PUBLICACIÓN, DISTRIBUCIÓN, ETC.
Lugar de publicación, distribución, etc. Madrid :
Nombre del editor, distribuidor, etc. Siruela,
Fecha de publicación, distribución, etc. [1993]
300 ## - DESCRIPCIÓN FÍSICA
Extensión XXXVII, 653 p ;
Dimensiones 23 cm.
490 1# - MENCIÓN DE SERIE
Mención de serie Libros del tiempo ;
Designación de volumen o secuencia 59
504 ## - NOTA DE BIBLIOGRAFÍA, ETC.
Nota de bibliografía, etc. Bibliografía: p. [631]-653.
700 ## - ENTRADA AGREGADA--NOMBRE PERSONAL
Nombre de persona Moreno Sanz, Jesús,
Fechas asociadas al nombre 1949-
9 (RLIN) 236177
830 00 - PUNTO DE ACCESO ADICIONAL DE SERIE-TÍTULO UNIFORME
Título uniforme Libros del tiempo (Siruela)
Designación de volumen o secuencia 59
9 (RLIN) 233603
852 ## - LOCALIZACIÓN
Ubicación ES-MaACL
Número de control de estantería L-18021
Holdings
Estatus retirado Estado de pérdida Estado de daño No para préstamo Biblioteca de origen Biblioteca actual Ubicación en estantería Fecha de adquisición Fuente de adquisición Total de préstamos Signatura topográfica completa Código de barras Visto por última vez Precio de reemplazo Tipo de ítem Koha
        Biblioteca del Ateneo de Madrid Biblioteca del Ateneo de Madrid Depósito 2 17/01/2008     L-18021 1010835 23/02/2023 23/02/2023 Libro impreso